Different modalities of scar treatment / (رقم التسجيلة. 18878)
[ عرض عادي ]
| 000 -LEADER | |
|---|---|
| fixed length control field | 015050000a22003490004500 |
| 003 - CONTROL NUMBER IDENTIFIER | |
| control field | EG-GiCUC |
| 005 - DATE AND TIME OF LATEST TRANSACTION | |
| control field | 20250223025715.0 |
| 008 - FIXED-LENGTH DATA ELEMENTS--GENERAL INFORMATION | |
| fixed length control field | 081227s2008 ua d f m 000 0 eng d |
| 040 ## - CATALOGING SOURCE | |
| Original cataloging agency | EG-GiCUC |
| Language of cataloging | eng |
| Transcribing agency | EG-GiCUC |
| 041 0# - LANGUAGE CODE | |
| Language code of text/sound track or separate title | Eng |
| 049 ## - LOCAL HOLDINGS (OCLC) | |
| Holding library | Deposite |
| 097 ## - Thesis Degree | |
| Thesis Level | M.Sc |
| 099 ## - LOCAL FREE-TEXT CALL NUMBER (OCLC) | |
| Classification number | Cai01.11.10.M.Sc.2008.Ma.D |
| 100 0# - MAIN ENTRY--PERSONAL NAME | |
| Personal name | Marwa Mohammed Hanafy |
| 245 10 - TITLE STATEMENT | |
| Title | Different modalities of scar treatment / |
| Statement of responsibility, etc. | Marwa Mohammed Hanafy ; Supervised Mostafa Abouelela , Noha Abdelrahim Nagy , Marwa Mohamed Fawzy |
| 246 15 - VARYING FORM OF TITLE | |
| Title proper/short title | الطرق المختلفة فى علاج الندبات |
| 260 ## - PUBLICATION, DISTRIBUTION, ETC. | |
| Place of publication, distribution, etc. | Cairo : |
| Name of publisher, distributor, etc. | Marwa Mohammed Hanafy , |
| Date of publication, distribution, etc. | 2008 |
| 300 ## - PHYSICAL DESCRIPTION | |
| Extent | 84P. : |
| Other physical details | charts ; |
| Dimensions | 25cm |
| 502 ## - DISSERTATION NOTE | |
| Dissertation note | Thesis(M.Sc.) - Cairo University - Faculty of Medicine - Department of Dermatology and Venerology |
| 520 ## - SUMMARY, ETC. | |
| Summary, etc. | A scar reflects the pattern of healing in previously wounded skin partial thickness wounds which involve only epidermis& superficial dermis with preservation of skin appendages tend to heal without scarring full thickness wounds involve deep dermis& heal with scarring |
| 530 ## - ADDITIONAL PHYSICAL FORM AVAILABLE NOTE | |
| Additional physical form available note | Issued also as CD |
| 653 #4 - INDEX TERM--UNCONTROLLED | |
| Uncontrolled term | Laser trteamnt of scars |
| 653 #4 - INDEX TERM--UNCONTROLLED | |
| Uncontrolled term | Radiation therapy of scars |
| 653 #4 - INDEX TERM--UNCONTROLLED | |
| Uncontrolled term | Scar trteamnt |
| 700 0# - ADDED ENTRY--PERSONAL NAME | |
| Personal name | Marwa Mohamed Fawzy , |
| Relator term | |
| 700 0# - ADDED ENTRY--PERSONAL NAME | |
| Personal name | Mostafa Abouelela , |
| Relator term | |
| 700 0# - ADDED ENTRY--PERSONAL NAME | |
| Personal name | Noha Abdelrahim Nagy , |
| Relator term | |
| 856 ## - ELECTRONIC LOCATION AND ACCESS | |
| Uniform Resource Identifier | <a href="http://172.23.153.220/th.pdf">http://172.23.153.220/th.pdf</a> |
| 905 ## - LOCAL DATA ELEMENT E, LDE (RLIN) | |
| Cataloger | Enas |
| Reviser | Cataloger |
| 905 ## - LOCAL DATA ELEMENT E, LDE (RLIN) | |
| Cataloger | Mustafa |
| Reviser | Revisor |
| 942 ## - ADDED ENTRY ELEMENTS (KOHA) | |
| Source of classification or shelving scheme | Dewey Decimal Classification |
| Koha item type | Thesis |
| Source of classification or shelving scheme | Not for loan | Home library | Current library | Date acquired | Full call number | Barcode | Date last seen | Koha item type | Copy number |
|---|---|---|---|---|---|---|---|---|---|
| Dewey Decimal Classification | المكتبة المركزبة الجديدة - جامعة القاهرة | قاعة الرسائل الجامعية - الدور الاول | 11.02.2024 | Cai01.11.10.M.Sc.2008.Ma.D | 01010110050312000 | 22.09.2023 | Thesis | ||
| Dewey Decimal Classification | المكتبة المركزبة الجديدة - جامعة القاهرة | مخـــزن الرســائل الجـــامعية - البدروم | 11.02.2024 | Cai01.11.10.M.Sc.2008.Ma.D | 01020110050312000 | 22.09.2023 | CD - Rom | 50312.CD |